ARRUPE JESUIT UNIVERSITY

CORONAVIRUS -STOP THE SPREAD - CLEAN,DISINFECT,COVER

The Cambridge companion to Hume's Treatise / (Record no. 129012)

MARC details
000 -LEADER
fixed length control field 01277cam a2200313 i 4500
001 - CONTROL NUMBER
control field 18296544
003 - CONTROL NUMBER IDENTIFIER
control field ARRUPE
005 - DATE AND TIME OF LATEST TRANSACTION
control field 20190214103358.0
008 - FIXED-LENGTH DATA ELEMENTS--GENERAL INFORMATION
fixed length control field 140910s2015 nyu b 001 0 eng
010 ## - LIBRARY OF CONGRESS CONTROL NUMBER
LC control number 2014034327
020 ## - INTERNATIONAL STANDARD BOOK NUMBER
International Standard Book Number 9780521821674 (hb)
040 ## - CATALOGING SOURCE
Original cataloging agency DLC
Language of cataloging eng
Transcribing agency DLC
Description conventions rda
Modifying agency DLC
042 ## - AUTHENTICATION CODE
Authentication code pcc
050 00 - LIBRARY OF CONGRESS CALL NUMBER
Classification number B1489
Item number .C36 2015
082 00 - DEWEY DECIMAL CLASSIFICATION NUMBER
Classification number 128
Edition number 23
300 ## - PHYSICAL DESCRIPTION
Dimensions 24 cm.
245 04 - TITLE STATEMENT
Title The Cambridge companion to Hume's Treatise /
Statement of responsibility, etc edited by Donald C. Ainslie, University of Toronto, Annemarie Butler, Iowa State University.
260 ## - PUBLICATION, DISTRIBUTION, ETC. (IMPRINT)
Place of publication, distribution, etc Cambridge
Name of publisher, distributor, etc Cambridge University Press
Date of publication, distribution, etc 2015
300 ## - PHYSICAL DESCRIPTION
Extent xvi, 398 pages ;
490 0# - SERIES STATEMENT
Series statement Cambridge companions to philosophy
504 ## - BIBLIOGRAPHY, ETC. NOTE
Bibliography, etc Includes bibliographical references (pages 369-382) and indexes.
600 10 - SUBJECT ADDED ENTRY--PERSONAL NAME
Personal name Hume, David,
Dates associated with a name 1711-1776.
Title of a work Treatise of human nature.
9 (RLIN) 44668
650 #0 - SUBJECT ADDED ENTRY--TOPICAL TERM
Topical term or geographic name as entry element Knowledge, Theory of.
9 (RLIN) 44669
700 1# - ADDED ENTRY--PERSONAL NAME
Personal name Ainslie, Donald C.,
Relator term editor.
9 (RLIN) 44670
700 1# - ADDED ENTRY--PERSONAL NAME
Personal name Butler, Annemarie,
Relator term editor.
9 (RLIN) 44671
906 ## - LOCAL DATA ELEMENT F, LDF (RLIN)
a 7
b cbc
c orignew
d 1
e ecip
f 20
g y-gencatlg
942 ## - ADDED ENTRY ELEMENTS (KOHA)
Source of classification or shelving scheme Library of Congress Classification
Koha item type Monograph ( Printed materials)
Holdings
Withdrawn status Lost status Source of classification or shelving scheme Damaged status Not for loan Collection code Home library Current library Shelving location Date acquired Total Checkouts Full call number Barcode Date last seen Price effective from Koha item type
    Library of Congress Classification     Main Collection ARRUPE LIBRARY ARRUPE LIBRARY Main Collection 14/02/2019   B1489 .C36 2015 46600003789 14/02/2019 14/02/2019 Monograph ( Printed materials)

 

Arrupe Library. PO Box MP320 Mt Pleasant, Harare, Zimbabwe
263 242 745411|librarian@aju.ac.zw